000 00641nam a2200265Ia 4500
003 OSt
005 20220912152749.0
006 a|||||r|||| 00| 0
007 ta
008 220909b |||||||| |||| 00| 0 eng d
024 _a35443
037 _cTextual
040 _aCSL
_beng
_cCSL
041 _aeng
082 _aY172:1:12:436391:N3, G7
100 _aCovarrubias Miguel
245 0 _aIsland of Bali
260 _c1937
300 _ap.
_ccm.
650 _a Bali
650 _a Islands
650 _aTribes
942 _hY172:1:12:436391:N3, G7
_cTEXL
_2CC
999 _c91623
_d91623